| 000 | 00522nam a22001097a 4500 | ||
|---|---|---|---|
| 040 | _crua | ||
| 082 | _aDOC វ៉ាន់ 2013 C332 Or. | ||
| 245 | _aយន្តការដែលមានប្រសិទ្ធភាពសម្រាប់បញ្រ្ជាបការប្រែប្រួលអាកាសធាតុនៅក្នុងការកសាងផែនការថ្នាក់ក្រោមជាតិ | ||
| 260 |
_aphnom penh _brua _c2014 |
||
| 300 |
_avi.20p. _bill. _c29cm. |
||
| 942 | _cREC | ||
| 999 |
_c22018 _d22018 |
||